| 000 | 00353nam a22001337a 4500 | ||
|---|---|---|---|
| 020 | _a9780768082180 | ||
| 040 | _cNUST | ||
| 082 |
_a629.1343 _bSCH |
||
| 100 |
_aSchmidt, R.Kyle _9127913 |
||
| 245 |
_aAdvances in Aircraft Landing Gear / _cR.Kyle Schmidt |
||
| 260 |
_aUSA : _bSAE Int , _c2015. |
||
| 300 |
_a127p. ; _bPaperback, _c27cm. |
||
| 942 |
_2ddc _cBK |
||
| 999 |
_c612928 _d612928 |
||